Attack on Titan - Shifters - Statistics

General Stats
  • This quiz has been taken 177 times
  • The average score is 12 of 17
Answer Stats
Hint Answer % Correct
Attack Titan - Shown Throughout Season 1, 2, 3 And 4Warhammer Titan - Never Shown
Founding Titan - Shown In The Last Few Episodes Of Season 4
Eren Jaeger
93%
Jaw Titan - Shown In Flashbacks Before Appearing In Season 2 Ymir
87%
Attack Titan - Shown Shortly in Season 3 And 4 In Flashbacks, Returns In The Rumbling Grisha Jaeger
81%
Armored Titan - Shown Throughout Season 1, 2, 3 And 4 Reiner Braun
80%
Beast Titan - Shown In Season 2, 3 And 4 Zeke Jaeger
79%
Female Titan - Shown In Season 1 And Returns In Season 4 Annie Leonhart
78%
Colossal Titan - Shown In Season 4 Armin Arlert
74%
Attack Titan - Shown Shortly In Season 3 In Flashbacks, Returns In The Rumbling Eren Kruger
74%
Colossal Titan - Shown In Season 1, 2 And 3 Bertholdt Hoover
72%
Cart Titan - Shown In Season 3 And 4 Pieck Finger
70%
Founding Titan - Shown Shortly In Flashbacks In Season 4, The First Titan Ymir Fritz
70%
Jaw Titan - Shown In Most Of Season 4 Porco Galliard
61%
Warhammer Titan - Shown Shortly In Season 4 Lara Tybur
59%
Jaw Titan - Shown In Flashbacks, Returns In The Rumbling Marcel Galliard
58%
Jaw Titan - Shown In The Last Few Episodes Of Season 4 Falco Grice
53%
Founding Titan - Shown In Flashbacks In Season 3 And 4 Frieda Reiss
50%
Beast Titan - Returns In The Rumbling Tom Ksaver
43%
No matching quizzes found
Score Distribution
Percent of People with Each Score
Percentile by Number Answered
Your Score History
You have not taken this quiz